| 000 | 00493 a2200169 4500 | ||
|---|---|---|---|
| 003 | OSt | ||
| 005 | 20231107110255.0 | ||
| 008 | 231107b |||||||| |||| 00| 0 eng d | ||
| 020 | _a9789389040852 | ||
| 040 | _coclc | ||
| 082 |
_a894.8124 _bKIN/C |
||
| 100 |
_aKinalur, Muhammedali _99846 |
||
| 245 |
_aCHORA PEYYUNNA BHOOPADAM / _cMohammadali Kinalur |
||
| 260 |
_aKerala: _bIPB Books, _c2020. |
||
| 300 | _a128 p | ||
| 942 |
_2ddc _cBK _h894.8124 _iKIN/C _k894.8124 _mKIN/C |
||
| 999 |
_c42842 _d42842 |
||